| Tag |
First Indicator |
Second Indicator |
Subfields |
| LEADER |
00000cam a2200000 a 4500 |
| 001 |
in00001694413 |
| 005 |
20151024133613.0 |
| 008 |
971030s1997 nyu 000 0 eng d |
| 010 |
|
|
|a 98115333
|
| 020 |
|
|
|a 0822215411
|
| 035 |
|
|
|a (OCoLC)ocm37866230
|
| 040 |
|
|
|a OU
|c DLC
|d TXA
|d UtOrBLW
|
| 042 |
|
|
|a lccopycat
|
| 049 |
|
|
|a TXAM
|
| 050 |
0 |
0 |
|a PS3569.H428
|b W66 1997
|
| 082 |
0 |
0 |
|a 812/.54
|2 21
|
| 100 |
1 |
|
|a Sherman, Jonathan Marc.
|
| 245 |
1 |
0 |
|a Wonderful time /
|c by Jonathan Marc Sherman.
|
| 264 |
|
1 |
|a New York, N.Y. :
|b Dramatists Play Service,
|c [1997]
|
| 264 |
|
4 |
|c ©1997
|
| 300 |
|
|
|a 49 pages :
|b illustrations ;
|c 20 cm.
|
| 336 |
|
|
|a text
|b txt
|2 rdacontent
|
| 337 |
|
|
|a unmediated
|b n
|2 rdamedia
|
| 338 |
|
|
|a volume
|b nc
|2 rdacarrier
|
| 710 |
2 |
|
|a Dramatists Play Service (New York, N.Y.)
|
| 948 |
|
|
|a cataloged
|b h
|c 2002/7/11
|d c
|e jgreene
|f 10:19:00 am
|
| 994 |
|
|
|a E0
|b TXA
|
| 999 |
|
|
|a MARS
|
| 999 |
f |
f |
|s 14a3e8f6-3026-3875-9aac-237e8f8bee1f
|i d409aabc-31aa-359b-b6c2-9607491524ab
|t 0
|
| 952 |
f |
f |
|p normal
|a Texas A&M University
|b College Station
|c Sterling C. Evans Library
|d Evans: Library Stacks
|t 0
|e PS3569.H428 W66 1997
|h Library of Congress classification
|i unmediated -- volume
|m A14829199483
|
| 998 |
f |
f |
|a PS3569.H428 W66 1997
|t 0
|l Evans: Library Stacks
|